| 000 | 04023nam a22002657a 4500 | ||
|---|---|---|---|
| 001 | 216219077 | ||
| 003 | UA-OsUOA | ||
| 005 | 20210103182647.0 | ||
| 008 | 200819b un ||||| m||| 00| 0 ukr d | ||
| 040 |
_aUA-OsUOA _bukr _cUA-OsUOA _dUA-OsUOA |
||
| 041 | _aukr | ||
| 080 | _a94(477)(=112.2):070.447(447-25):(05)"520*1'::=161.2+=161.1:"1914-1918" | ||
| 090 | _a94(477)(=112.2):070.447(447-25):(05)"520*1'::=161.2+=161.1:"1914-1918" | ||
| 095 |
_a07.00.01 _bісторія України |
||
| 100 | _aБасенко І. В. | ||
| 245 |
_aОбраз німців на матеріалах щоденної українсько- та російськомовної преси Києва (січень 1914 – грудень 1918 рр.) _cБасенко Іван Володимирович ; наук. керівник Бетлій Олена Вячеславівна |
||
| 260 |
_aКиїв _c2020 |
||
| 300 | _a16 с. | ||
| 502 |
_6Автореферат дисертації на здобуття наукового ступеня кандидата історичних наук
_cКиївський університет імені Бориса Грінченка _d2020 |
||
| 520 | _aДисертація є комплексним дослідженням образу німців у щоденній українсько- й російськомовній пресі Києва 1914–1918 рр. На основі джерел періодики простежено еволюцію уявлень про німців й Німеччину впродовж мирного часу 1914 р., участі Російської імперії у Великій війні та за доби Української революції 1917–1918 рр. Залучення архівних матеріалів й літератури дозволило врахувати чинники цензури і пропаганди, порівняти київський досвід зі сприйняттям німців в Росії та державах Антанти. За допомогою зіставлення видань різного напряму і мови друку продемонстровано ідеологічно розмаїтий, поліетнічний інформаційний простір Києва. Студія пояснює, як політичні та національні переконання газет визначили їхнє бачення Німеччини та, навпаки, як образ німецького “іншого” кшталтував місцевий образ “свого” у Києві як центрі Південно-Західного краю імперії, столиці УНР та Української Держави. Розглянуто характерні для періоду образи німців як “культурного взірця”, “геополітичного суперника мілітариста”, “внутрішнього ворога-чужинця” й “німецької зради”, “звіра” або ж “людини” на війні, “руйнівника” єдиної Росії і водночас “приятеля спільника” України у боротьбі з “великоросами-більшовиками”, зрештою — представника окупаційного “німецького порядку” й “імперіалізму”. Встановлено, що незважаючи на війну та революцію, тривкими у київській пресі виявились уявлення про німецьку національну вдачу. | ||
| 650 |
_2UDC _a94 Історія |
||
| 942 |
_2udc _cAR |
||
| 955 | _a1 | ||
| 999 |
_c461090 _d461090 |
||